Kulyat-e- Akbar Alabadi (Record no. 534182)

000 -LEADER
fixed length control field 00298nam a22001337a 4500
020 ## - INTERNATIONAL STANDARD BOOK NUMBER
International Standard Book Number 99914638
040 ## - CATALOGING SOURCE
Transcribing agency MSOHAIL
082 ## - DEWEY DECIMAL CLASSIFICATION NUMBER
Classification number 891.51
100 ## - MAIN ENTRY--PERSONAL NAME
Personal name Akbar Allahabadi
9 (RLIN) 28333
245 ## - TITLE STATEMENT
Title Kulyat-e- Akbar Alabadi
260 ## - PUBLICATION, DISTRIBUTION, ETC.
Place of publication, distribution, etc. Lahore
Name of publisher, distributor, etc. Sang-e-Meel
Date of publication, distribution, etc. c2008
300 ## - PHYSICAL DESCRIPTION
Extent 654;P
942 ## - ADDED ENTRY ELEMENTS (KOHA)
Source of classification or shelving scheme
Koha item type Book
Holdings
Withdrawn status Lost status Source of classification or shelving scheme Damaged status Not for loan Permanent Location Current Location Date acquired Total Checkouts Full call number Barcode Date last seen Price effective from Koha item type
          School of Civil and Environmental Engineering (SCEE) School of Civil and Environmental Engineering (SCEE) 02/07/2020   891.51 NIT-9674 02/07/2020 02/07/2020 Book
© 2023 Central Library, National University of Sciences and Technology. All Rights Reserved.